Inocuidad de los Alimentos
| Main Author: | |
|---|---|
| Format: | Section = Libro |
| Language: | Undetermined Spanish |
| Published: |
Nicaragua
UNA
2010
|
| Subjects: |
| LEADER | 00559nam a2200205Ia 4500 | ||
|---|---|---|---|
| 008 | 240830s9999 xx 000 0 und d | ||
| 020 | |a 978-99924-1-008-0 | ||
| 040 | |a B-ESTELÍ- RUACS / 664 P227 | ||
| 041 | |a spa | ||
| 082 | |a 664 P227 | ||
| 100 | 1 | |a Paredes V, Varinia | |
| 245 | 1 | 0 | |a Inocuidad de los Alimentos |
| 260 | |a Nicaragua |b UNA |c 2010 | ||
| 300 | |a 168 p. :il | ||
| 650 | 7 | |a ALIMENTOS DE ORIGEN ANIMAL - ASPECTOS HIGIENICOS | |
| 650 | 7 | |b CONSERVACION DE ALIMENTOS | |
| 650 | 7 | |c CONTROL DE ALIMENTOS | |
| 942 | |c BK |2 ddc | ||
| 991 | |a TEXTO | ||
| 999 | |c 11537 | ||